Art Projects from around the world / (Record no. 104732)
[ view plain ]
| 000 -LEADER | |
|---|---|
| fixed length control field | 00391nam a2200145 a 4500 |
| 005 - DATE AND TIME OF LATEST TRANSACTION | |
| control field | 20140412111327.0 |
| 008 - FIXED-LENGTH DATA ELEMENTS--GENERAL INFORMATION | |
| fixed length control field | 110128s19uu xx 00 eng d |
| 020 ## - INTERNATIONAL STANDARD BOOK NUMBER | |
| International Standard Book Number | 0-439-385531-8 |
| 050 ## - LIBRARY OF CONGRESS CALL NUMBER | |
| Classification number | TR(GS 745.4 |
| Item number | Ev1 2006 |
| 100 ## - MAIN ENTRY--PERSONAL NAME | |
| Personal name | Evans, Linda |
| 245 ## - TITLE STATEMENT | |
| Title | Art Projects from around the world / |
| Statement of responsibility, etc | Linda Evans. |
| 260 ## - PUBLICATION, DISTRIBUTION, ETC. (IMPRINT) | |
| Place of publication, distribution, etc | U.S.A : |
| Name of publisher, distributor, etc | Scholastic, |
| Date of publication, distribution, etc | 2006. |
| 300 ## - PHYSICAL DESCRIPTION | |
| Extent | 64p. |
| Withdrawn status | Lost status | Damaged status | Home library | Current library | Shelving location | Date acquired | Source of acquisition | Total Checkouts | Full call number | Barcode | Date last seen | Price effective from | Koha item type |
|---|---|---|---|---|---|---|---|---|---|---|---|---|---|
| Elizalde Library | Elizalde Library | Teachers Reference Section | 01/28/2011 | TR(GS 745.4 Ev1 2006 | E8538 | 04/12/2014 | 04/12/2014 | Books |